000 00418nam a2200181Ia 4500
001 8534
005 20260306160616.0
008 260306t1989||||xx |||||||||||||| ||spa||
041 _aESP
082 _a371.102
_bH52
100 _aHighet, Gilbert,
_eAUT
245 4 _aThe art of teaching
260 _c1989
300 _axvii, 268 páginas :
_c20 cm.
650 _aGEN
654 _aCED
942 _cLIB
_dJUS
_fJUS
_2ddc
_n
999 _c8534
_d8534